| 000 | 00494nam a2200193 a 4500 | ||
|---|---|---|---|
| 001 | 1773047388418 | ||
| 003 | YourLibrary | ||
| 005 | 20260309144519.0 | ||
| 008 | 260309s2005##################000#0#eng## | ||
| 020 | _a9788170338901 | ||
| 082 | 0 | 4 |
_a338.951 _bRAJ |
| 100 | 1 |
_aGill, Rajesh, _eauthor. |
|
| 245 | 1 | 0 | _aState, Market, and Civil Society : |
| 260 | _c2005. | ||
| 300 | _a294 pages | ||
| 650 | 0 | _aBusiness & Economics. | |
| 942 | _cENGLISH | ||
| 040 |
_aYourLibrary _beng _cYourLibrary |
||
| 999 |
_c617284 _d617284 |
||